Národohospodárstvo

Podrobná bibliografia
Hlavní autori: Hečková, Jaroslava, 1979- (Autor), Huttmanová, Emília, 1981- (Autor), Chapčáková, Alexandra, 1976- (Autor)
Médium: Kniha
Jazyk:slovenčina
Fyzický popis:286 s. sch., tab. 21 cm
Vydavateľské údaje: Prešov Prešovská univerzita 2009
ISBN:9788080689834
Vydanie:1. vyd.
Predmet:

MARC

LEADER 00000cam a2200000 a 4500
001 vtls010033744
003 SK-MaSNL
005 20260301131013.0
008 240318s2009 xo l d p 000 0 slo
015 |a SNBA2010/01-00458 
020 |a 9788080689834  |q (brož.) 
035 |a AF15434C-8B47-4E3B-8CF6-CDCF261513D4 
035 |a urn:nbn:sk:snk-amk9og 
035 |a urn:nbn:sk:snk-am008au6 
040 |a SNK  |b slo  |c SNK  |e AACR2 
041 0 |a slo 
044 |a xo  |c SK 
072 7 |a 330.5+338  |x Národné hospodárstvo a hospodárska politika  |2 konspekt 
080 |a 330.5+338  |2 2001 
080 |a 338.2  |2 2001 
080 |a (075.8)  |2 2001 
100 1 |a Hečková, Jaroslava,  |d 1979-  |4 aut  |9 198694 
245 1 0 |a Národohospodárstvo  |c Jaroslava Hečková, Emília Huttmanová, Alexandra Chapčáková 
250 |a 1. vyd. 
260 |a Prešov  |b Prešovská univerzita  |c 2009 
300 |a 286 s.  |b sch., tab.  |c 21 cm 
366 |e 400 výt. 
504 |a Bibliogr. s. 276-286 
650 0 7 |a národné hospodárstvo  |2 SNKPH  |9 846 
650 0 7 |a hospodárska politika  |2 SNKPH  |9 2279 
650 0 7 |a National economy  |2 SNKPHeng  |9 267613 
650 0 7 |a Economic policy  |2 SNKPHeng  |9 268361 
655 7 |a učebnice vysokých škôl  |2 SNKPH  |9 70191 
655 7 |a Textbooks (higher)  |2 SNKPHeng  |9 276436 
700 1 |a Huttmanová, Emília,  |d 1981-  |4 aut  |9 213183 
700 1 |a Chapčáková, Alexandra,  |d 1976-  |4 aut  |9 198695 
919 |a 978-80-8068-983-4 
958 |a NB 
958 |a OND 
968 |d 33 
999 |c 746469  |d 748399 
952 |a SNK  |b SNK  |y PREZ  |7 0  |p 17A0640585  |o snkSC 138424  |i snk2009/22736  |8 0  |0 0  |1 0  |4 0  |d 2009-12-21  |l 0  |r 2017-06-30 00:00:00  |w 2026-02-23 
952 |a SNK  |b SNK  |y VYP  |7 0  |p 17A0640586  |o snkSC 138424 D1  |i snk2009/22737  |8 0  |0 0  |1 0  |4 0  |d 2009-12-21  |f 1  |l 0  |r 2026-02-23 23:18:32  |w 2026-02-23